[Event "Oregon inv"]
[Site "Portland"]
[Date "2018.09.22"]
[Round "6"]
[White "Nair, Roshen"]
[Black "Rachmuth, Moshe Shai"]
[Result "1-0"]
[WhiteElo "1953"]
[BlackElo "1920"]
[PlyCount "97"]
[EventDate "2018.09.14"]
[EventType "tourn"]
[EventRounds "9"]
[EventCountry "USA"]
[SourceTitle "EXT 2024"]
[Source "ChessBase"]
[SourceDate "2023.10.10"]
[SourceVersion "1"]
[SourceVersionDate "2023.10.10"]
[SourceQuality "1"]

1. c4 e6 2. Nf3 d5 3. b3 Nf6 4. g3 c5 5. Bb2 Nc6 6. e3 dxc4 7. bxc4 Bd7 8. Bg2 Rc8 9. 0-0 Be7 10. Qe2 0-0 11. d4 cxd4 12. exd4 Qa5 13. Nbd2 Ba3 14. Nb3 Qb4 15. Bxa3 Qxa3 16. Ne5 b6 17. Rfd1 Rfd8 18. f4 Nb4 19. Rd2 Ba4 20. Rb1 Bc6 21. Nxc6 Nxc6 22. Rbd1 Qa6 23. d5 exd5 24. cxd5 Qxe2 25. Rxe2 Rd6 26. Rc1 Nxd5 27. Bxd5 Rxd5 28. Rxc6 Rcd8 29. Rd2 h5 30. Rxd5 Rxd5 31. Rc2 h4 32. Rd2 Rf5 33. Kf2 hxg3+ 34. hxg3 g5 35. Kf3 gxf4 36. gxf4 Rb5 37. Ke4 a5 38. Rd5 Rb4+ 39. Rd4 Rb5 40. Kd3 Rh5 41. Re4 Kf8 42. Nd4 Rh1 43. Kc4 Rb1 44. Kc3 Rf1 45. a4 Kg8 46. Nf5 Rc1+ 47. Kd4 Rb1 48. Nd6 Kg7 49. Kd5 1-0

[Event "Oregon inv"]
[Site "Portland"]
[Date "2018.09.15"]
[Round "3"]
[White "Sherrard, Jerry"]
[Black "Nair, Roshen"]
[Result "1-0"]
[WhiteElo "2042"]
[BlackElo "1953"]
[PlyCount "137"]
[EventDate "2018.09.14"]
[EventType "tourn"]
[EventRounds "9"]
[EventCountry "USA"]
[SourceTitle "EXT 2024"]
[Source "ChessBase"]
[SourceDate "2023.10.10"]
[SourceVersion "1"]
[SourceVersionDate "2023.10.10"]
[SourceQuality "1"]

1. e4 e5 2. Nf3 Nc6 3. Bc4 Bc5 4. c3 Nf6 5. d3 0-0 6. Bb3 d6 7. Bg5 h6 8. Bh4 g5 9. Bg3 Bg4 10. h4 Kg7 11. hxg5 hxg5 12. Qd2 Nh7 13. Nh2 Bd7 14. Nf1 f6 15. Ne3 Rh8 16. Qe2 Qe8 17. Nd5 Rc8 18. Qf3 Qg6 19. Nd2 b5 20. 0-0-0 Bb6 21. Nf1 Rce8 22. Nfe3 Ne7 23. Nxe7 Rxe7 24. Nf5+ Bxf5 25. exf5 Qe8 26. Qg4 Nf8 27. Rh3 Rh7 28. Rdh1 Kh8 29. Rh6 Qd8 30. R1h5 Rxh6 31. Rxh6+ Rh7 32. Rxh7+ Nxh7 33. Be6 Qe8 34. Qe4 c6 35. c4 Nf8 36. cxb5 Nxe6 37. fxe6 cxb5 38. Qd5 Qe7 39. f3 Kg7 40. Be1 Bc5 41. a3 f5 42. Qc6 Qxe6 43. Qxb5 Qc8 44. Kb1 Qc7 45. Qc4 Qf7 46. Qc1 Kg6 47. Bd2 Qb3 48. Qc2 Qb7 49. Qc4 Qg7 50. Qe6+ Qf6 51. Qe8+ Kh6 52. g4 f4 53. Kc2 Kg7 54. Ba5 Bb6 55. Bb4 Bc7 56. Qa8 Bb6 57. Qc6 Qe6 58. Qxd6 Qxd6 59. Bxd6 Kf6 60. b4 Ke6 61. Bf8 a6 62. Kc3 Kf7 63. Bc5 Bc7 64. Kc4 Ke6 65. a4 Bd8 66. b5 axb5+ 67. axb5 Bc7 68. b6 Bb8 69. Bb4 1-0

[Event "Pan American-ch U12"]
[Site "Santiago de Chile"]
[Date "2018.07.25"]
[Round "6"]
[White "Nair, Roshen"]
[Black "Chauca Lopez, Sebastian Alberto"]
[Result "1-0"]
[WhiteElo "1900"]
[BlackElo "1495"]
[PlyCount "137"]
[EventDate "2018.07.22"]
[EventType "swiss"]
[EventRounds "9"]
[EventCountry "CHI"]
[SourceTitle "EXT 2022"]
[Source "ChessBase"]
[SourceDate "2021.10.06"]
[SourceVersion "1"]
[SourceVersionDate "2021.10.06"]
[SourceQuality "1"]

1. c4 Nf6 2. g3 e6 3. Bg2 d5 4. Nf3 Be7 5. 0-0 0-0 6. b3 c5 7. cxd5 exd5 8. d4 cxd4 9. Nxd4 Nc6 10. Bb2 Qb6 11. e3 Rd8 12. Qe2 a6 13. Rd1 Bg4 14. Bf3 Bh3 15. Nxc6 bxc6 16. Nc3 Be6 17. Na4 Qb7 18. Rac1 Nd7 19. e4 Nf6 20. Bxf6 Bxf6 21. Nc5 Qe7 22. Bg2 Bf5 23. Re1 Re8 24. Qc2 Bg6 25. Qd2 dxe4 26. Bxe4 Bxe4 27. Nxe4 Red8 28. Qc2 Qe5 29. Qxc6 Qf5 30. Nxf6+ gxf6 31. Qc5 Rd5 32. Qc2 Qh5 33. Qc6 Rf8 34. Qxf6 Rf5 35. Qxa6 Ra5 36. Qe2 Qh3 37. Rc4 Rg5 38. Qf1 Qxf1+ 39. Kxf1 Ra5 40. a4 Rb8 41. Rc3 Rb4 42. Re8+ Kg7 43. Rec8 Ra6 44. R8c4 Rb7 45. Rc7 Rb4 46. Rf3 Kg6 47. Rcxf7 Rxb3 48. Rxb3 Kxf7 49. Ra3 Ra5 50. Ke2 Ke6 51. f4 Rh5 52. h4 Ra5 53. Kf3 h5 54. Re3+ Kf6 55. Re5 Rxa4 56. Rxh5 Ra3+ 57. Kg4 Ra4 58. Rg5 Ra1 59. h5 Rh1 60. Rg6+ Kf7 61. Kg5 Ra1 62. h6 Ra5+ 63. f5 Ra3 64. g4 Rh3 65. Rg7+ Kf8 66. Kg6 Rh4 67. g5 Rh3 68. h7 Rh2 69. f6 1-0

[Event "Pan American-ch U12"]
[Site "Santiago de Chile"]
[Date "2018.07.23"]
[Round "2"]
[White "Nair, Roshen"]
[Black "Shaw, Jaden"]
[Result "1-0"]
[WhiteElo "1900"]
[BlackElo "1529"]
[PlyCount "103"]
[EventDate "2018.07.22"]
[EventType "swiss"]
[EventRounds "9"]
[EventCountry "CHI"]
[SourceTitle "EXT 2022"]
[Source "ChessBase"]
[SourceDate "2021.10.06"]
[SourceVersion "1"]
[SourceVersionDate "2021.10.06"]
[SourceQuality "1"]

1. c4 Nf6 2. g3 e6 3. Bg2 d5 4. Nf3 c5 5. cxd5 exd5 6. d4 Nc6 7. 0-0 Be7 8. b3 0-0 9. Bb2 Be6 10. Nc3 Rc8 11. dxc5 Bxc5 12. Nb5 a6 13. Nbd4 Ne4 14. Rc1 Nxd4 15. Nxd4 Qb6 16. Qd3 f5 17. e3 Bd7 18. Rfd1 Rfd8 19. a4 Bxa4 20. bxa4 Qxb2 21. Rc2 Qb6 22. Nxf5 Qf6 23. Bxe4 dxe4 24. Qc4+ Kh8 25. Rxd8+ Qxd8 26. Qxe4 Qf8 27. Qe5 b6 28. Nh4 Rc6 29. Qb2 Qd8 30. Rd2 Qf8 31. Rd1 Rf6 32. Qe2 g5 33. Ng2 a5 34. Ne1 Qe8 35. Qb2 Kg7 36. Qb3 Qf8 37. Rd7+ Be7 38. Qc2 Kg8 39. Nd3 h6 40. Qc4+ Kh8 41. Qd4 Kg8 42. Qd5+ Kg7 43. Qb7 Re6 44. Qd5 Rf6 45. f4 gxf4 46. Nxf4 Kh8 47. Qe5 Qc8 48. Rc7 Qd8 49. Qxe7 Qd1+ 50. Kg2 Qd2+ 51. Kh3 Qd7+ 52. Rxd7 1-0